[Event "M.Botvinnik Memorial 2012 Blitz"]
[Site "St. Petersburg"]
[Date "2012.08.24"]
[Round "1.1"]
[White "Inarkiev, Ernesto"]
[Black "Duzhakov, Ilya"]
[Result "1/2-1/2"]
[LiveChessVersion "1.3.1"]
[BlackElo "2313"]
[WhiteElo "2683"]

1. e4 {[%clk 0:03:03]} c5 {[%clk 0:03:03]} 2. Nf3 {[%clk 0:03:04]} d6
{[%clk 0:03:04]} 3. d4 {[%clk 0:03:05]} cxd4 {[%clk 0:03:05]} 4. Nxd4
{[%clk 0:03:05]} Nf6 {[%clk 0:03:06]} 5. Nc3 {[%clk 0:03:06]} a6 {[%clk 0:03:07]}
6. Be3 {[%clk 0:03:07]} e5 {[%clk 0:03:06]} 7. Nb3 {[%clk 0:03:04]} Be6
{[%clk 0:03:05]} 8. f3 {[%clk 0:03:02]} Be7 {[%clk 0:03:02]} 9. Qd2
{[%clk 0:03:03]} Nbd7 {[%clk 0:03:00]} 10. g4 {[%clk 0:02:38]} O-O
{[%clk 0:02:40]} 11. g5 {[%clk 0:02:14]} Nh5 {[%clk 0:02:34]} 12. O-O-O
{[%clk 0:02:14]} b5 {[%clk 0:02:24]} 13. Nd5 {[%clk 0:02:15]} Bxd5
{[%clk 0:02:19]} 14. exd5 {[%clk 0:02:14]} f5 {[%clk 0:01:32]} 15. gxf6
{[%clk 0:02:11]} Bxf6 {[%clk 0:01:18]} 16. Na5 {[%clk 0:01:27]} Kh8
{[%clk 0:01:16]} 17. Nc6 {[%clk 0:01:27]} Qc7 {[%clk 0:01:17]} 18. Kb1
{[%clk 0:01:22]} Nb6 {[%clk 0:01:16]} 19. Qa5 {[%clk 0:00:49]} Nxd5
{[%clk 0:01:08]} 20. Qxc7 {[%clk 0:00:50]} Nxc7 {[%clk 0:01:08]} 21. Rxd6
{[%clk 0:00:50]} Nf4 {[%clk 0:01:06]} 22. Bxf4 {[%clk 0:00:46]} exf4
{[%clk 0:01:07]} 23. Bd3 {[%clk 0:00:43]} Rfe8 {[%clk 0:01:04]} 24. Be4
{[%clk 0:00:43]} Ne6 {[%clk 0:00:50]} 25. Rhd1 {[%clk 0:00:29]} Ng5
{[%clk 0:00:51]} 26. Bd5 {[%clk 0:00:30]} h5 {[%clk 0:00:35]} 27. a3
{[%clk 0:00:26]} h4 {[%clk 0:00:36]} 28. Nb4 {[%clk 0:00:22]} Rad8
{[%clk 0:00:35]} 29. Rxa6 {[%clk 0:00:23]} Re2 {[%clk 0:00:27]} 30. Rb6
{[%clk 0:00:18]} Rxh2 {[%clk 0:00:26]} 31. Rxb5 Rg2 {[%clk 0:00:27]} 32. a4
{[%clk 0:00:19]} h3 {[%clk 0:00:28]} 33. Rh1 {[%clk 0:00:19]} h2 {[%clk 0:00:29]}
34. Ka2 {[%clk 0:00:20]} Nh3 {[%clk 0:00:29]} 35. a5 {[%clk 0:00:21]} Nf2
{[%clk 0:00:30]} 36. Rxh2+ {[%clk 0:00:18]} Rxh2 {[%clk 0:00:31]} 37. a6
{[%clk 0:00:20]} Bd4 {[%clk 0:00:33]} 38. Nc6 {[%clk 0:00:20]} Rd6
{[%clk 0:00:28]} 39. Nxd4 Rxa6+ 40. Kb3 {[%clk 0:00:17]} Nd1 {[%clk 0:00:28]} 41.
Be4 {[%clk 0:00:16]} g6 {[%clk 0:00:26]} 42. Rb7 {[%clk 0:00:14]} Ne3
{[%clk 0:00:22]} 43. Nb5 {[%clk 0:00:11]} Rh5 {[%clk 0:00:20]} 44. Nc7
{[%clk 0:00:12]} Raa5 {[%clk 0:00:08]} 45. c4 {[%clk 0:00:08]} Kg7
{[%clk 0:00:08]} 46. Ne6+ {[%clk 0:00:08]} Kh6 {[%clk 0:00:09]} 47. Nxf4
{[%clk 0:00:09]} Nf5 {[%clk 0:00:09]} 48. Nxh5 {[%clk 0:00:10]} gxh5
{[%clk 0:00:09]} 49. Rb5 {[%clk 0:00:10]} Nd4+ {[%clk 0:00:10]} 50. Kb4
{[%clk 0:00:12]} Rxb5+ {[%clk 0:00:11]} 51. cxb5 {[%clk 0:00:13]} h4
{[%clk 0:00:12]} 52. b6 {[%clk 0:00:14]} h3 {[%clk 0:00:11]} 53. f4
{[%clk 0:00:13]} 1/2-1/2

[Event "M.Botvinnik Memorial 2012 Blitz"]
[Site "St. Petersburg"]
[Date "2012.08.24"]
[Round "1.2"]
[White "Bazeev, German"]
[Black "Tiviakov, Sergei"]
[Result "0-1"]
[LiveChessVersion "1.3.1"]
[BlackElo "2674"]
[WhiteElo "2308"]

1. d4 {[%clk 0:03:02]} Nf6 {[%clk 0:03:03]} 2. c4 {[%clk 0:03:03]} e6
{[%clk 0:03:05]} 3. Nf3 {[%clk 0:03:02]} b6 {[%clk 0:03:06]} 4. g3
{[%clk 0:03:01]} Bb4+ {[%clk 0:03:07]} 5. Bd2 {[%clk 0:03:02]} Be7
{[%clk 0:03:08]} 6. Bg2 {[%clk 0:03:02]} c6 {[%clk 0:03:09]} 7. O-O
{[%clk 0:03:01]} d5 {[%clk 0:03:10]} 8. Qc2 {[%clk 0:03:03]} O-O {[%clk 0:03:08]}
9. Bf4 {[%clk 0:03:02]} Ba6 {[%clk 0:03:03]} 10. Nbd2 {[%clk 0:03:02]} Nbd7
{[%clk 0:03:02]} 11. Rac1 {[%clk 0:03:01]} Rc8 {[%clk 0:02:41]} 12. Rfd1
{[%clk 0:02:54]} Nh5 {[%clk 0:02:33]} 13. Be3 {[%clk 0:02:55]} Bb7
{[%clk 0:02:32]} 14. cxd5 {[%clk 0:01:59]} cxd5 {[%clk 0:02:31]} 15. Qa4
{[%clk 0:02:00]} a6 {[%clk 0:02:31]} 16. g4 {[%clk 0:01:49]} Nhf6
{[%clk 0:02:30]} 17. h3 {[%clk 0:01:50]} b5 18. Qb3 Nb6 {[%clk 0:02:30]} 19. Ne5
{[%clk 0:01:38]} Nfd7 {[%clk 0:02:28]} 20. Nxd7 {[%clk 0:01:34]} Qxd7
{[%clk 0:02:28]} 21. Rxc8 {[%clk 0:01:30]} Rxc8 {[%clk 0:02:28]} 22. Nf3
{[%clk 0:01:32]} Nc4 {[%clk 0:02:25]} 23. Ne5 {[%clk 0:01:30]} Qc7
{[%clk 0:02:24]} 24. Rc1 {[%clk 0:01:31]} Bd6 {[%clk 0:02:18]} 25. Nxc4
{[%clk 0:01:18]} dxc4 {[%clk 0:02:18]} 26. Qc2 {[%clk 0:01:18]} Bxg2
{[%clk 0:02:18]} 27. Kxg2 {[%clk 0:01:20]} Qc6+ 28. f3 b4 {[%clk 0:02:17]} 29.
Qe4 {[%clk 0:01:20]} Qb5 {[%clk 0:02:08]} 30. Bd2 {[%clk 0:01:19]} a5
{[%clk 0:02:08]} 31. f4 {[%clk 0:01:12]} Bf8 {[%clk 0:02:07]} 32. Qf3
{[%clk 0:01:13]} a4 {[%clk 0:02:04]} 33. e4 {[%clk 0:01:14]} c3 {[%clk 0:01:58]}
34. bxc3 {[%clk 0:01:15]} b3 {[%clk 0:01:59]} 35. axb3 {[%clk 0:01:14]} axb3 36.
Qf1 Qb7 {[%clk 0:01:55]} 37. Qd3 {[%clk 0:01:16]} Ra8 {[%clk 0:01:51]} 38. Kg1
{[%clk 0:01:06]} b2 {[%clk 0:01:47]} 39. Rb1 {[%clk 0:01:08]} Ra1
{[%clk 0:01:48]} 40. Kf2 {[%clk 0:00:53]} Qb3 {[%clk 0:01:47]} 41. d5
{[%clk 0:00:44]} exd5 {[%clk 0:01:47]} 42. exd5 {[%clk 0:00:45]} Qa2
{[%clk 0:01:48]} 0-1

[Event "M.Botvinnik Memorial 2012 Blitz"]
[Site "St. Petersburg"]
[Date "2012.08.24"]
[Round "1.3"]
[White "Zvjaginsev, Vadim"]
[Black "Orlov, Oleg"]
[Result "1-0"]
[LiveChessVersion "1.3.1"]
[BlackElo "2305"]
[WhiteElo "2671"]

1. c4 {[%clk 0:03:02]} c5 {[%clk 0:03:04]} 2. Nf3 {[%clk 0:03:02]} Nc6
{[%clk 0:03:05]} 3. e3 {[%clk 0:03:03]} Nf6 {[%clk 0:03:04]} 4. Nc3
{[%clk 0:03:03]} e6 {[%clk 0:03:02]} 5. d4 {[%clk 0:03:04]} cxd4 {[%clk 0:03:03]}
6. exd4 {[%clk 0:03:04]} d5 {[%clk 0:03:04]} 7. c5 {[%clk 0:03:04]} Be7
{[%clk 0:02:59]} 8. Bb5 {[%clk 0:03:04]} O-O {[%clk 0:02:59]} 9. O-O
{[%clk 0:03:03]} Qc7 {[%clk 0:02:39]} 10. Re1 {[%clk 0:02:56]} Bd7
{[%clk 0:02:33]} 11. g3 {[%clk 0:02:49]} b6 {[%clk 0:02:08]} 12. Bf4
{[%clk 0:02:39]} Qc8 {[%clk 0:02:08]} 13. cxb6 {[%clk 0:02:34]} axb6
{[%clk 0:02:08]} 14. Rc1 {[%clk 0:02:21]} Qb7 {[%clk 0:02:08]} 15. Ne5
{[%clk 0:02:04]} Rfc8 {[%clk 0:02:05]} 16. Nxd7 {[%clk 0:02:02]} Qxd7
{[%clk 0:02:00]} 17. Re2 {[%clk 0:01:53]} Qb7 {[%clk 0:01:55]} 18. Rec2
{[%clk 0:01:50]} Nb4 {[%clk 0:01:53]} 19. Re2 {[%clk 0:01:49]} Nxa2
{[%clk 0:01:43]} 20. Nxa2 {[%clk 0:01:46]} Rxa2 {[%clk 0:01:43]} 21. Rxc8+
{[%clk 0:01:42]} Qxc8 {[%clk 0:01:44]} 22. Rc2 {[%clk 0:01:42]} Qa8
{[%clk 0:01:39]} 23. Kg2 {[%clk 0:01:36]} h6 {[%clk 0:01:36]} 24. Qc1
{[%clk 0:01:35]} Qa5 {[%clk 0:01:26]} 25. Rc8+ {[%clk 0:01:34]} Kh7
{[%clk 0:01:27]} 26. Bd3+ {[%clk 0:01:33]} g6 {[%clk 0:01:24]} 27. Bd2
{[%clk 0:01:19]} Qa4 {[%clk 0:01:22]} 28. Qc7 {[%clk 0:01:11]} Qa7
{[%clk 0:00:59]} 29. Qf4 {[%clk 0:01:05]} Ng8 {[%clk 0:00:33]} 30. Qxf7+
{[%clk 0:01:04]} Kh8 {[%clk 0:00:34]} 31. Rxg8# 1-0

[Event "M.Botvinnik Memorial 2012 Blitz"]
[Site "St. Petersburg"]
[Date "2012.08.24"]
[Round "1.4"]
[White "Myshkin, Nikita"]
[Black "Matlakov, Maxim"]
[Result "1/2-1/2"]
[LiveChessVersion "1.3.1"]
[BlackElo "2663"]
[WhiteElo "2299"]

1. d4 {[%clk 0:03:02]} g6 {[%clk 0:03:03]} 2. Nf3 {[%clk 0:03:00]} Bg7
{[%clk 0:03:03]} 3. c4 {[%clk 0:03:01]} d6 {[%clk 0:03:04]} 4. Nc3
{[%clk 0:03:01]} Bg4 {[%clk 0:02:56]} 5. h3 {[%clk 0:02:35]} Bxf3
{[%clk 0:02:56]} 6. exf3 {[%clk 0:02:36]} c5 {[%clk 0:02:52]} 7. dxc5
{[%clk 0:02:34]} dxc5 {[%clk 0:02:53]} 8. Qxd8+ {[%clk 0:02:30]} Kxd8
{[%clk 0:02:54]} 9. Bf4 {[%clk 0:02:26]} Nc6 {[%clk 0:02:44]} 10. O-O-O+
{[%clk 0:02:26]} Nd4 {[%clk 0:02:44]} 11. Ne4 {[%clk 0:02:05]} b6
{[%clk 0:02:40]} 12. Bd3 {[%clk 0:01:58]} Bh6 {[%clk 0:02:13]} 13. Be3
{[%clk 0:01:43]} Kc7 {[%clk 0:02:10]} 14. Rhe1 {[%clk 0:01:43]} Bxe3+
{[%clk 0:01:40]} 15. fxe3 {[%clk 0:01:43]} Ne6 {[%clk 0:01:26]} 16. Nc3
{[%clk 0:01:44]} Nf6 {[%clk 0:01:27]} 17. Nd5+ {[%clk 0:01:36]} Nxd5
{[%clk 0:01:17]} 18. cxd5 {[%clk 0:01:38]} Nf8 {[%clk 0:01:17]} 19. e4
{[%clk 0:01:36]} Rd8 {[%clk 0:01:12]} 20. Bc4 {[%clk 0:01:32]} e5
{[%clk 0:00:49]} 21. dxe6 {[%clk 0:01:30]} Nxe6 {[%clk 0:00:50]} 22. Bxe6
{[%clk 0:01:28]} fxe6 {[%clk 0:00:50]} 23. Kc2 {[%clk 0:01:25]} g5
{[%clk 0:00:49]} 24. Rxd8 {[%clk 0:01:16]} Rxd8 {[%clk 0:00:50]} 25. Rh1
{[%clk 0:01:08]} Rg8 {[%clk 0:00:48]} 26. Kd2 {[%clk 0:01:08]} Kd6
{[%clk 0:00:49]} 27. Rd1 {[%clk 0:01:06]} b5 {[%clk 0:00:50]} 28. Ke3+
{[%clk 0:01:06]} Kc7 {[%clk 0:00:48]} 29. e5 {[%clk 0:00:57]} Rd8
{[%clk 0:00:42]} 30. Rxd8 {[%clk 0:00:51]} Kxd8 {[%clk 0:00:43]} 31. f4
{[%clk 0:00:52]} gxf4+ {[%clk 0:00:36]} 32. Kxf4 {[%clk 0:00:54]} Ke7
{[%clk 0:00:37]} 33. g4 {[%clk 0:00:53]} Kf7 {[%clk 0:00:36]} 34. h4
{[%clk 0:00:52]} Kg6 {[%clk 0:00:35]} 35. Ke4 {[%clk 0:00:48]} a6
{[%clk 0:00:36]} 36. a4 {[%clk 0:00:43]} Kf7 {[%clk 0:00:33]} 37. axb5
{[%clk 0:00:42]} axb5 {[%clk 0:00:34]} 38. Kf4 {[%clk 0:00:33]} h6
{[%clk 0:00:32]} 39. h5 {[%clk 0:00:32]} Kg7 {[%clk 0:00:31]} 40. Ke4
{[%clk 0:00:34]} Kh8 {[%clk 0:00:32]} 41. Ke3 {[%clk 0:00:34]} 1/2-1/2

[Event "M.Botvinnik Memorial 2012 Blitz"]
[Site "St. Petersburg"]
[Date "2012.08.24"]
[Round "1.5"]
[White "Kovalenko, Igor"]
[Black "Palachev, Petr"]
[Result "1-0"]
[LiveChessVersion "1.3.1"]
[BlackElo "2290"]
[WhiteElo "2650"]

1. d4 {[%clk 0:03:03]} d5 {[%clk 0:03:03]} 2. c4 {[%clk 0:03:04]} c6
{[%clk 0:03:05]} 3. Nf3 {[%clk 0:03:04]} e6 {[%clk 0:03:06]} 4. Nc3
{[%clk 0:03:06]} Nf6 {[%clk 0:03:06]} 5. e3 {[%clk 0:03:07]} Nbd7
{[%clk 0:03:06]} 6. Qc2 {[%clk 0:03:08]} Bd6 {[%clk 0:03:07]} 7. Be2
{[%clk 0:03:09]} O-O {[%clk 0:03:07]} 8. O-O {[%clk 0:03:10]} dxc4
{[%clk 0:03:07]} 9. Bxc4 {[%clk 0:03:12]} b5 {[%clk 0:03:08]} 10. Be2
{[%clk 0:03:13]} Bb7 {[%clk 0:03:09]} 11. Rd1 {[%clk 0:03:13]} b4
{[%clk 0:02:57]} 12. Ne4 {[%clk 0:03:10]} Nxe4 {[%clk 0:02:57]} 13. Qxe4
{[%clk 0:03:11]} Nf6 {[%clk 0:02:54]} 14. Qh4 {[%clk 0:03:11]} Nd5
{[%clk 0:02:26]} 15. Qh3 {[%clk 0:03:02]} f5 {[%clk 0:02:23]} 16. Bd2
{[%clk 0:02:56]} Qf6 {[%clk 0:02:18]} 17. Rac1 {[%clk 0:02:54]} Rac8
{[%clk 0:02:18]} 18. Bd3 {[%clk 0:02:11]} c5 {[%clk 0:01:51]} 19. dxc5
{[%clk 0:02:05]} Rxc5 {[%clk 0:01:50]} 20. Rxc5 {[%clk 0:02:01]} Bxc5
{[%clk 0:01:51]} 21. e4 {[%clk 0:02:01]} fxe4 {[%clk 0:01:50]} 22. Bxe4
{[%clk 0:02:02]} h6 {[%clk 0:01:51]} 23. Qg3 {[%clk 0:01:17]} Kh8
{[%clk 0:01:14]} 24. Re1 {[%clk 0:01:08]} Ba8 {[%clk 0:00:47]} 25. h4
{[%clk 0:01:07]} a5 {[%clk 0:00:41]} 26. Re2 {[%clk 0:00:30]} Kg8
{[%clk 0:00:32]} 27. Bg5 {[%clk 0:00:09]} Qf7 {[%clk 0:00:08]} 28. Bxh6
{[%clk 0:00:10]} Nf4 {[%clk 0:00:04]} 29. Bxf4 {[%clk 0:00:11]} Qxf4
{[%clk 0:00:05]} 30. Qxf4 {[%clk 0:00:12]} Rxf4 {[%clk 0:00:06]} 31. Bxa8
{[%clk 0:00:13]} 1-0

[Event "M.Botvinnik Memorial 2012 Blitz"]
[Site "St. Petersburg"]
[Date "2012.08.24"]
[Round "1.6"]
[White "Sysolyatin, Evgeny"]
[Black "Alekseev, Evgeny"]
[Result "0-1"]
[LiveChessVersion "1.3.1"]
[BlackElo "2639"]
[WhiteElo "2289"]

1. e4 {[%clk 0:03:03]} c5 {[%clk 0:03:03]} 2. Nf3 {[%clk 0:03:03]} Nc6
{[%clk 0:03:04]} 3. Bb5 {[%clk 0:03:02]} g6 {[%clk 0:03:04]} 4. O-O
{[%clk 0:03:02]} Bg7 {[%clk 0:03:04]} 5. Nc3 {[%clk 0:02:53]} e5 {[%clk 0:03:02]}
6. d4 {[%clk 0:02:51]} cxd4 {[%clk 0:02:52]} 7. Nd5 {[%clk 0:02:52]} h6
{[%clk 0:02:43]} 8. c3 {[%clk 0:02:52]} Nge7 {[%clk 0:02:11]} 9. cxd4
{[%clk 0:02:39]} Nxd4 {[%clk 0:02:07]} 10. Nxd4 {[%clk 0:02:37]} exd4
{[%clk 0:02:07]} 11. Bf4 {[%clk 0:02:23]} Nxd5 {[%clk 0:02:05]} 12. exd5
{[%clk 0:02:23]} O-O {[%clk 0:02:05]} 13. Qc1 {[%clk 0:01:43]} Kh7
{[%clk 0:01:42]} 14. Bc7 {[%clk 0:01:22]} Qf6 {[%clk 0:01:38]} 15. d6
{[%clk 0:00:48]} b6 {[%clk 0:01:36]} 16. Qd1 {[%clk 0:00:32]} a6 {[%clk 0:01:27]}
17. Bd3 {[%clk 0:00:24]} Bb7 {[%clk 0:01:25]} 18. Qb3 {[%clk 0:00:25]} b5
{[%clk 0:01:18]} 19. a4 {[%clk 0:00:27]} Qg5 {[%clk 0:01:10]} 20. f3
{[%clk 0:00:22]} Bd5 {[%clk 0:01:04]} 21. Qc2 {[%clk 0:00:20]} b4
{[%clk 0:00:59]} 22. Be4 {[%clk 0:00:20]} Qe3+ {[%clk 0:00:56]} 23. Kh1
{[%clk 0:00:21]} b3 {[%clk 0:00:46]} 24. Qd3 {[%clk 0:00:20]} Bxe4
{[%clk 0:00:45]} 25. Qxe4 {[%clk 0:00:21]} Rfe8 {[%clk 0:00:29]} 26. Qd5
{[%clk 0:00:20]} Qe6 {[%clk 0:00:26]} 27. Qb7 {[%clk 0:00:21]} d3
{[%clk 0:00:26]} 28. Rad1 {[%clk 0:00:22]} Qc4 {[%clk 0:00:23]} 29. Rc1
{[%clk 0:00:21]} Qxa4 {[%clk 0:00:22]} 30. Qd5 {[%clk 0:00:22]} Qb5
{[%clk 0:00:21]} 31. Qxf7 {[%clk 0:00:22]} d2 {[%clk 0:00:20]} 32. Rcd1
{[%clk 0:00:23]} Qxf1+ {[%clk 0:00:16]} 33. Rxf1 {[%clk 0:00:24]} Re1
{[%clk 0:00:17]} 0-1

[Event "M.Botvinnik Memorial 2012 Blitz"]
[Site "St. Petersburg"]
[Date "2012.08.24"]
[Round "1.7"]
[White "Timofeev, Artyom"]
[Black "Bezgodova, Maria"]
[Result "1-0"]
[LiveChessVersion "1.3.1"]
[BlackElo "2261"]
[WhiteElo "2639"]

1. c4 e5 2. Nc3 Nf6 3. Nf3 Nc6 4. d3 d5 5. cxd5 Nxd5 6. e3 Be7 7. Be2 O-O 8. O-O
Be6 9. a3 a5 10. Bd2 f6 11. Qc2 Nxc3 12. bxc3 a4 13. c4 Qd7 14. Bc3 Na5 15. Bxa5
Rxa5 16. d4 exd4 17. exd4 Bf5 18. Qc3 Raa8 19. c5 Be6 20. Rfe1 Bd5 21. Bc4 Rfe8
22. Re3 Bf8 23. Rae1 Rxe3 24. fxe3 Qe6 25. Nd2 b6 26. Bxd5 Qxd5 27. e4 Qd7 28. c6
Qe7 29. Re3 Qd6 30. Qc4+ Kh8 31. g3 b5 32. Qd5 Qxd5 33. exd5 b4 34. Nc4 b3 35. d6
Bxd6 36. Nxd6 b2 37. Re1 cxd6 38. Rb1 Rb8 39. c7 Rc8 40. Rxb2 1-0

[Event "M.Botvinnik Memorial 2012 Blitz"]
[Site "St. Petersburg"]
[Date "2012.08.24"]
[Round "1.8"]
[White "Krivonos, Nikolay"]
[Black "Khairullin, Ildar"]
[Result "1-0"]
[LiveChessVersion "1.3.1"]
[BlackElo "2633"]
[WhiteElo "2258"]

1. c4 e5 2. Nc3 Nf6 3. Nf3 Nc6 4. g3 d5 5. cxd5 Nxd5 6. Bg2 Nb6 7. O-O Be7 8. a4
a5 9. d3 Be6 10. Nb5 O-O 11. Be3 Nd5 12. Bd2 f5 13. Rc1 Bf6 14. Ne1 Qd7 15. Nc2
Nce7 16. Ne3 c6 17. Nxd5 Nxd5 18. Na3 Qc7 19. Nc4 b6 20. Bc3 Rad8 21. Bd2 c5 22.
Qc2 Rfe8 23. b3 Ne7 24. Rcd1 Nc6 25. Rfe1 Nd4 26. Qb1 Bd5 27. Bxd5+ Rxd5 28. Bc3
Rd7 29. Bxd4 exd4 30. e4 f4 31. Rd2 Bg5 32. Rc2 f3 33. Qd1 Rf7 34. Kh1 h5 35. Rg1
Re6 36. Qf1 g6 37. h4 Bd8 38. Qh3 Qe7 39. Rcc1 Kg7 40. Rb1 Bc7 41. Rbd1 1-0

[Event "M.Botvinnik Memorial 2012 Blitz"]
[Site "St. Petersburg"]
[Date "2012.08.24"]
[Round "1.9"]
[White "Grigoryan, Avetik"]
[Black "Kukhmazov, Arsen"]
[Result "1-0"]
[LiveChessVersion "1.3.1"]
[BlackElo "2257"]
[WhiteElo "2626"]

1. d4 d5 2. Nf3 Nf6 3. Bg5 Nbd7 4. e3 c6 5. Nbd2 e6 6. Bd3 Bd6 7. e4 e5 8. exd5
cxd5 9. dxe5 Nxe5 10. Nxe5 Bxe5 11. O-O O-O 12. c3 h6 13. Bh4 Qb6 14. Nf3 Bc7 15.
Nd4 Ng4 16. h3 Ne5 17. Rb1 Nxd3 18. Qxd3 Be6 19. Rfe1 Rfe8 20. Bg3 Bxg3 21. Qxg3
Rad8 22. Re2 Bd7 23. Rbe1 Rxe2 24. Rxe2 Re8 25. Rxe8+ Bxe8 26. Qb8 Kf8 27. Nf5
Qxb2 28. Qd6+ Kg8 29. Qe5 1-0

[Event "M.Botvinnik Memorial 2012 Blitz"]
[Site "St. Petersburg"]
[Date "2012.08.24"]
[Round "1.10"]
[White "Shapiro, Viktor"]
[Black "Andriasian, Zaven"]
[Result "0-1"]
[LiveChessVersion "1.3.1"]
[BlackElo "2616"]
[WhiteElo "2248"]

1. c4 e5 2. Nc3 Nc6 3. g3 g6 4. Bg2 Bg7 5. e3 d6 6. Nge2 Nf6 7. d4 O-O 8. O-O Re8
9. h3 h5 10. d5 Nb8 11. e4 a5 12. a3 Bd7 13. Rb1 a4 14. Be3 b6 15. f4 Qc8 16.
fxe5 dxe5 17. Kh2 h4 18. Bg5 hxg3+ 19. Nxg3 Nh7 20. Be3 Rf8 21. d6 Be6 22. c5
bxc5 23. Bxc5 cxd6 24. Bb4 Nc6 25. Qxd6 Rd8 26. Qc5 Bf8 27. Qf2 Nxb4 28. axb4 a3
29. Nd5 a2 30. Ra1 Qb7 31. b3 Qa7 32. Qb2 Bxd5 33. exd5 Bxb4 34. Qxe5 Bd6 35. Qe2
Re8 36. Qf3 Re3 37. Rxa2 Rxf3 38. Rxa7 Bxg3+ 39. Kg1 Rxf1+ 40. Kxf1 Rxa7 0-1

[Event "M.Botvinnik Memorial 2012 Blitz"]
[Site "St. Petersburg"]
[Date "2012.08.24"]
[Round "1.11"]
[White "Bukavshin, Ivan"]
[Black "Vager, Igor"]
[Result "1-0"]
[LiveChessVersion "1.3.1"]
[BlackElo "2229"]
[WhiteElo "2609"]

1. Nf3 d5 2. c4 c6 3. e3 {[%clk 0:03:03]} Bg4 {[%clk 0:03:01]} 4. Qb3
{[%clk 0:02:56]} Qb6 {[%clk 0:02:53]} 5. cxd5 {[%clk 0:02:54]} Qxb3
{[%clk 0:02:51]} 6. axb3 {[%clk 0:02:54]} Bxf3 {[%clk 0:02:41]} 7. gxf3
{[%clk 0:02:53]} cxd5 {[%clk 0:02:42]} 8. Nc3 {[%clk 0:02:52]} e6
{[%clk 0:02:28]} 9. Nb5 {[%clk 0:02:13]} Kd7 {[%clk 0:02:10]} 10. Rxa7
{[%clk 0:02:05]} Rxa7 {[%clk 0:02:10]} 11. Nxa7 {[%clk 0:02:05]} Nc6
{[%clk 0:02:02]} 12. Nxc6 {[%clk 0:01:55]} bxc6 {[%clk 0:01:59]} 13. d4
{[%clk 0:01:54]} Bb4+ {[%clk 0:01:49]} 14. Bd2 {[%clk 0:01:51]} Bxd2+
{[%clk 0:01:49]} 15. Kxd2 {[%clk 0:01:52]} Ne7 {[%clk 0:01:50]} 16. Bd3
{[%clk 0:01:50]} Ra8 {[%clk 0:01:47]} 17. Kc3 {[%clk 0:01:44]} Nc8
{[%clk 0:01:26]} 18. e4 {[%clk 0:01:10]} Nd6 {[%clk 0:01:17]} 19. e5
{[%clk 0:01:10]} Nb7 {[%clk 0:00:56]} 20. b4 {[%clk 0:01:10]} h5 {[%clk 0:00:51]}
21. Rc1 {[%clk 0:01:06]} g5 {[%clk 0:00:37]} 22. Kb3 {[%clk 0:00:57]} Rb8
{[%clk 0:00:30]} 23. Rg1 {[%clk 0:00:53]} Rg8 {[%clk 0:00:25]} 24. h4
{[%clk 0:00:51]} g4 {[%clk 0:00:23]} 25. fxg4 {[%clk 0:00:50]} hxg4
{[%clk 0:00:24]} 26. Be2 {[%clk 0:00:50]} Rb8 {[%clk 0:00:06]} 27. Kc3
{[%clk 0:00:49]} Rh8 {[%clk 0:00:06]} 28. Rxg4 {[%clk 0:00:49]} Nd8
{[%clk 0:00:07]} 29. Rf4 {[%clk 0:00:47]} Ke7 {[%clk 0:00:08]} 30. h5
{[%clk 0:00:43]} Rg8 {[%clk 0:00:04]} 31. h6 {[%clk 0:00:42]} Rh8
{[%clk 0:00:05]} 32. Rh4 f5 33. f4 {[%clk 0:00:29]} Nf7 {[%clk 0:00:08]} 34. h7
{[%clk 0:00:30]} Kf8 {[%clk 0:00:08]} 35. b5 {[%clk 0:00:28]} cxb5
{[%clk 0:00:06]} 36. Bxb5 {[%clk 0:00:29]} Kg7 {[%clk 0:00:07]} 37. Bd7
{[%clk 0:00:30]} Nd8 {[%clk 0:00:08]} 38. b4 Kf7 39. Rh6 Ke7 40. Bc8
{[%clk 0:00:25]} Nf7 {[%clk 0:00:09]} 41. Rxe6+ Kd8 42. Bb7 {[%clk 0:00:26]} Rxh7
{[%clk 0:00:11]} 43. Bxd5 {[%clk 0:00:27]} Rh3+ {[%clk 0:00:10]} 44. Kc4
{[%clk 0:00:28]} Nh6 {[%clk 0:00:09]} 45. Rd6+ {[%clk 0:00:28]} Kc7
{[%clk 0:00:10]} 46. Rc6+ {[%clk 0:00:29]} Kd7 {[%clk 0:00:11]} 47. b5
{[%clk 0:00:29]} Ng4 {[%clk 0:00:12]} 48. Rd6+ {[%clk 0:00:29]} Kc8
{[%clk 0:00:13]} 49. Be6+ {[%clk 0:00:29]} Kb7 {[%clk 0:00:14]} 50. Bd5+
{[%clk 0:00:28]} Kc7 {[%clk 0:00:15]} 51. b6+ Kb8 52. Rd8# 1-0